[Event "FRA-chT2b 0304"]
[Site "France"]
[Date "2004.04.03"]
[Round "10"]
[White "Georgiev, Vladimir"]
[Black "Leconte, Jean Olivier"]
[Result "1-0"]
[WhiteElo "2563"]
[BlackElo "2316"]
[PlyCount "77"]
[EventDate "2003.10.??"]
[EventType "team-tourn"]
[EventRounds "11"]
[EventCountry "FRA"]
[SourceTitle "EXT 2005"]
[Source "ChessBase"]
[SourceDate "2004.11.15"]
[SourceVersion "1"]
[SourceVersionDate "2004.11.15"]
[SourceQuality "1"]

1. d4 Nf6 2. c4 c5 3. d5 b5 4. Nf3 Bb7 5. Nbd2 bxc4 6. e4 e6 7. dxe6 dxe6 8. e5 Nd5 9. Bxc4 Be7 10. 0-0 0-0 11. b3 Nb6 12. Qe2 Nxc4 13. Nxc4 Qc7 14. Rd1 Nd7 15. Bb2 Rad8 16. Nd6 Bd5 17. Ne4 Qb7 18. Nfd2 c4 19. Bd4 cxb3 20. axb3 Ra8 21. Qe3 Rfd8 22. Rdc1 Bb4 23. Nd6 Bxd6 24. exd6 e5 25. Bxe5 Re8 26. Rc7 Qb5 27. Rxd7 Qxd7 28. Qg5 f6 29. Bxf6 Bb7 30. Nc4 Re6 31. Ne5 Rae8 32. f3 Rxe5 33. Bxe5 h6 34. Qg3 a6 35. h4 Rf8 36. Ra4 Rf7 37. Rc4 Bd5 38. Rc7 Qf5 39. Bxg7 1-0

[Event "FRA-chT2 0304"]
[Site "France"]
[Date "2003.12.07"]
[Round "?"]
[White "Dourerassou, Jonathan"]
[Black "Leconte, Jean Olivier"]
[Result "1-0"]
[WhiteElo "2250"]
[BlackElo "2316"]
[PlyCount "77"]
[EventDate "2003.10.??"]
[EventType "team-tourn"]
[EventRounds "11"]
[EventCountry "FRA"]
[SourceTitle "EXT 2005"]
[Source "ChessBase"]
[SourceDate "2004.11.15"]
[SourceVersion "1"]
[SourceVersionDate "2004.11.15"]
[SourceQuality "1"]

1. e4 e6 2. d4 d5 3. Nc3 Bb4 4. e5 c5 5. a3 Bxc3+ 6. bxc3 Ne7 7. h4 Qa5 8. Bd2 Nbc6 9. h5 Bd7 10. h6 gxh6 11. Rxh6 0-0-0 12. Qh5 Ng8 13. Rxh7 Rxh7 14. Qxh7 f6 15. Nf3 Qa4 16. Qd3 fxe5 17. Nxe5 Nxe5 18. dxe5 Ne7 19. c4 Nc6 20. f4 Nd4 21. Rc1 dxc4 22. Qc3 Qc6 23. Qxc4 Be8 24. Kf2 Bh5 25. Be3 b6 26. a4 Nf5 27. Qb5 Qd5 28. Bc4 Qd7 29. Qxd7+ Kxd7 30. Rh1 Ng7 31. g4 Bg6 32. Rd1+ Ke7 33. Rxd8 Kxd8 34. c3 Bc2 35. a5 Ke7 36. Kg3 Be4 37. Kh4 Bc2 38. Kg5 Be4 39. Bf2 1-0

[Event "FRA-chT2 0304"]
[Site "France"]
[Date "2003.11.15"]
[Round "2"]
[White "Levin, Felix"]
[Black "Leconte, Jean Olivier"]
[Result "0-1"]
[WhiteElo "2481"]
[BlackElo "2316"]
[PlyCount "51"]
[EventDate "2003.10.??"]
[EventType "team-tourn"]
[EventRounds "11"]
[EventCountry "FRA"]
[SourceTitle "EXT 2005"]
[Source "ChessBase"]
[SourceDate "2004.11.15"]
[SourceVersion "1"]
[SourceVersionDate "2004.11.15"]
[SourceQuality "1"]
[WhiteTeam "Reims"]
[BlackTeam "Saint Mande"]
[WhiteTeamCountry "FRA"]
[BlackTeamCountry "FRA"]

1. d4 Nf6 2. c4 c5 3. d5 b5 4. cxb5 a6 5. b6 e6 6. Nc3 Bb7 7. e4 exd5 8. exd5 d6 9. a4 a5 10. Bc4 Be7 11. Nf3 0-0 12. 0-0 Nbd7 13. b3 Nxb6 14. Bf4 Nh5 15. Be3 Bf6 16. Rc1 Bxc3 17. Rxc3 Qf6 18. Ng5 Qxc3 19. Qxh5 Qc2 20. Bf4 Nxc4 21. bxc4 h6 22. Nf3 Qxc4 23. Bxd6 Rfd8 24. Be5 Rxd5 25. Qh3 Re8 26. Qg3 0-1